| 000 | 00438nam a2200181Ia 4500 | ||
|---|---|---|---|
| 001 | 23682 | ||
| 005 | 20260414150953.0 | ||
| 008 | 260414t2009||||xx |||||||||||||| ||spa|| | ||
| 041 | _aESP | ||
| 082 |
_a690.068 _bL21 |
||
| 100 |
_aLambeck, Richard _eAUT |
||
| 245 | 0 |
_aUrban construction project management _b |
|
| 260 | _c2009 | ||
| 300 |
_axxi, 451 páginas : _c26 cm. |
||
| 650 | _a0 | ||
| 654 | _aCIC | ||
| 942 |
_cLIB _dJUS _fJUS _2ddc _n |
||
| 999 |
_c23682 _d23682 |
||